| 000 | 00675nam a22001817a 4500 | ||
|---|---|---|---|
| 003 | BUBTL | ||
| 008 | 210225b xxu||||| |||| 00| 0 eng d | ||
| 082 | _a515.35/ Y887o/ 2017 | ||
| 100 |
_93979 _aইউসুফ, মো. আবু |
||
| 245 |
_aসাধারণ ডিফারেনসিয়াল সমীকরণ [Ordinary Differential Equations] / _cমো. আবু ইউসুফ |
||
| 250 | _a6th ed. | ||
| 260 |
_aঢাকা : _bমামুন ব্রাদার্স, _cc2017. |
||
| 300 |
_a768 p. : _c21 cm. |
||
| 650 | 0 |
_9124 _aMathematics |
|
| 856 |
_k0 _l0 _yDownload |
||
| 942 |
_2ddc _cBK |
||
| 999 |
_c6467 _d6467 |
||